Alle Knochen des menschlichen Beins - Statistiken

Allgemein
  • Dieses Quiz wurde 30 mal gespielt
  • Das Durchschnittsergebnis liegt bei 5 aus 8
Antwortstatistiken
Antworten % Korrekt
Schienbein
96%
Wadenbein
89%
Kniescheibe
85%
Oberschenkelknochen
81%
Mittelfußknochen
70%
Zehknochen
33%
Fußwurzelknochen
30%
Beckenknochen
22%
Keine übereinstimmenden Quizze gefunden
Verteilung der Resultate
Anzahl Personen mit jedem Resultat
Perzentil nach korrekt beantworteten Fragen
Ihre Resultats-Entwicklung
Sie haben dieses Quiz noch nicht gespielt